00465 2200169 4500001002100000008004100021035002000062245006200082100002600144260002400170300002700194020002200221084001700243082001100260990001200271990001200283INLIS000000000001452 Ind  a0010-1024000005 aThe power Of Personaliy DevelopmentcAnalisa Widyaningrum aWidyaningrum, Analisa aJakartabEmirc2017 a147 hlm.c15 x 21,5 cm a978-602-0935-69-0 a150.92 ANA t a150.92 a0753699 a0753700